| 000 -NÁVESTIE |
| fixed length control field |
01171cam a2200361 a 4500 |
| 001 - EVIDENČNÉ ČÍSLO ZÁZNAMU - Kontrolné číslo |
| control field |
vtls010635694 |
| 005 - DÁTUM A ČAS POSLEDNEJ TRANSAKCIE |
| control field |
20221003072844.0 |
| 008 - ÚDAJE S PEVNOU DĹŽKOU – VŠEOBECNÉ INFORMÁCIE |
| fixed length control field |
160429s2014 xo e 000 f slo |
| 020 ## - MEDZINÁRODNÉ ŠTANDARDNÉ ČÍSLO KNIHY (ISBN) |
| Medzinárodné štandardné číslo knihy (ISBN) |
9788081423352 (viaz.) |
| 035 ## - Iný štandardný identifikátor |
| Iný štandardný identifikátor |
6D89324E-F17B-4439-9092-C9E9D52B8785 |
| 035 ## - Iný štandardný identifikátor |
| Iný štandardný identifikátor |
urn:nbn:sk:snk-amjp39 |
| 035 ## - Iný štandardný identifikátor |
| Iný štandardný identifikátor |
urn:nbn:sk:snk-am002h7n |
| 040 ## - ZDROJ KATALOGIZÁCIE |
| Pôvodná katalogizujúca agentúra |
TVZK |
| Jazyk katalogizácie |
slo |
| Prepisujúca agentúra |
TVZK |
| Modifikujúca agentúra |
SVKBB |
| -- |
SNK |
| Konvencie popisu |
AACR2 |
| 041 1# - KÓD JAZYKA |
| Kód jazyka textu/zvukovej stopy alebo samostatných nápisov |
slo |
| Kód jazyka originálu a/alebo sprostredkujúcich prekladov textu |
swe |
| 044 ## - KÓD KRAJINY VYDAVATEĽA/PRODUCENTA |
| Kód krajiny MARC |
xo |
| Kód krajiny ISO |
SK |
| 072 #7 - KÓD PREDMETOVEJ KATEGÓRIE |
| Kód predmetovej kategórie |
821.11 |
| Pododdiel kódu predmetovej kategórie |
Germánske literatúry |
| Zdroj |
konspekt |
| 080 ## - ČÍSLO MEDZINÁRODNÉHO DESATINNÉHO TRIEDENIA (MDT) |
| Číslo Medzinárodného desatinného triedenia (MDT) |
821.113.6-31 |
| Identifikátor vydania |
2001 |
| 080 ## - ČÍSLO MEDZINÁRODNÉHO DESATINNÉHO TRIEDENIA (MDT) |
| Číslo Medzinárodného desatinného triedenia (MDT) |
(0:82-312.4) |
| Identifikátor vydania |
2001 |
| 100 1# - OSOBNÉ MENÁ – VŠEOBECNÉ INFORMÁCIE |
| Osobné meno |
Zander, Joakim, |
| Dátumy súvisiace s menom |
1975- |
| -- |
3323 |
| 240 10 - UNIFIKOVANÝ NÁZOV |
| Unifikovaný názov |
Simmaren |
| Jazyk diela |
Slovensky |
| 245 10 - NÁZOV |
| Názov |
Plavec |
| Údaj o zodpovednosti atď. |
Joakim Zander ; [preklad Jana Melichárková] |
| 250 ## - ÚDAJ O PORADÍ VYDANIA |
| Údaj o poradí vydania |
1. vyd. |
| 260 ## - VYDAVATEĽSKÉ ÚDAJE, DISTRIBÚCIA ATĎ. |
| Miesto publikovania, distribúcie atď. |
Bratislava |
| Názov vydavateľa, distibútora atď. |
Fortuna Libri |
| Dátum publikovania, distribúcie atď. |
2014 |
| 300 ## - FYZICKÝ POPIS |
| Rozsah |
382 s. |
| Rozmery |
22 cm |
| 655 #7 - INDEXAČNÝ TERMÍN – ŽÁNER/FORMA |
| Údaje o žánri/forme alebo termín, ktorý je prvok fazety |
švédske romány |
| Zdroj termínu |
SNKPH |
| -- |
1715 |
| 655 #7 - INDEXAČNÝ TERMÍN – ŽÁNER/FORMA |
| Údaje o žánri/forme alebo termín, ktorý je prvok fazety |
Swedish fiction |
| Zdroj termínu |
SNKPHeng |
| -- |
1716 |
| 655 #7 - INDEXAČNÝ TERMÍN – ŽÁNER/FORMA |
| Údaje o žánri/forme alebo termín, ktorý je prvok fazety |
trilery (romány) |
| Zdroj termínu |
SNKPH |
| -- |
2135 |
| 655 #7 - INDEXAČNÝ TERMÍN – ŽÁNER/FORMA |
| Údaje o žánri/forme alebo termín, ktorý je prvok fazety |
Thrillers (novels) |
| Zdroj termínu |
SNKPHeng |
| -- |
1722 |
| 700 1# - PRIDANÝ VSTUP – OSOBNÉ MENO |
| Osobné meno |
Melichárková, Jana |
| Tituly a iné slová súvisiace s menom |
(prekladateľka) |
| Kód roly |
trl |
| -- |
2527 |
| 958 ## - Formálny deskriptor |
| Formálny deskriptor |
LX |
| 958 ## - Formálny deskriptor |
| Formálny deskriptor |
UP |